Best travel deals : (Record no. 1849)

MARC details
000 -LEADER
fixed length control field 02463cas a2200625 i 4500
001 - CONTROL NUMBER
control field data
008 - FIXED-LENGTH DATA ELEMENTS--GENERAL INFORMATION
fixed length control field data
005 - DATE AND TIME OF LATEST TRANSACTION
control field 20260322212121.0
010 ## - LIBRARY OF CONGRESS CONTROL NUMBER
LC control number 97642213
Canceled/invalid LC control number 95046947
-- 95046947
019 ## -
-- 1037256133
-- 746136443
-- 1037256133
022 0# - INTERNATIONAL STANDARD SERIAL NUMBER
International Standard Serial Number 1091-6288
Source 1
023 0# - CLUSTER ISSN
Cluster ISSN 1091-6288
Source 1
029 1# - OTHER SYSTEM CONTROL NUMBER (OCLC)
OCLC library identifier YDXCP
System control number 1546130
029 1# - OTHER SYSTEM CONTROL NUMBER (OCLC)
OCLC library identifier AU@
System control number 000013654157
035 ## - SYSTEM CONTROL NUMBER
System control number (OCoLC)34125854
040 ## - CATALOGING SOURCE
Original cataloging agency SVP
Language of cataloging eng
Description conventions rda
Transcribing agency SVP
Modifying agency OCLCQ
-- DLC
-- NSD
-- DLC
-- OCLCQ
-- OCLCF
-- OCLCO
-- OCLCL
-- NDD
-- FSP
-- OCLCL
-- OCLCQ
042 ## - AUTHENTICATION CODE
Authentication code pcc
-- pcc
050 00 - LIBRARY OF CONGRESS CALL NUMBER
Classification number G149
Item number .C65
082 #4 - DEWEY DECIMAL CLASSIFICATION NUMBER
Classification number 910
Real World Object URI https://id.oclc.org/worldcat/ddc/E3YxcggDV6j77RfJ6jJmhMkmdw
210 0# - ABBREVIATED TITLE
Abbreviated title Best travel deals
222 #0 - KEY TITLE
Key title Best travel deals
245 00 - TITLE STATEMENT
Title Best travel deals :
Remainder of title how to get big discounts on airfares, hotels, car rentals, and more.
246 13 - VARYING FORM OF TITLE
Title proper/short title Consumer reports best travel deals
264 #1 - PRODUCTION, PUBLICATION, DISTRIBUTION, MANUFACTURE, AND COPYRIGHT NOTICE
Place of production, publication, distribution, manufacture Yonkers, New York :
Name of producer, publisher, distributor, manufacturer Consumer Reports,
Date of production, publication, distribution, manufacture, or copyright notice 1996-2001.
300 ## - PHYSICAL DESCRIPTION
Extent 6 volumes :
Other physical details illustrations ;
Dimensions 19 cm
310 ## - CURRENT PUBLICATION FREQUENCY
Current publication frequency Annual
336 ## - CONTENT TYPE
Content type term text
Content type code txt
Source rdacontent
337 ## - MEDIA TYPE
Media type term unmediated
Media type code n
Source rdamedia
338 ## - CARRIER TYPE
Carrier type term volume
Carrier type code nc
Source rdacarrier
362 0# - DATES OF PUBLICATION AND/OR SEQUENTIAL DESIGNATION
Dates of publication and/or sequential designation 1996 edition-2001.
590 ## - LOCAL NOTE (RLIN)
Local note SERBIB/SERLOC merged record
500 ## - GENERAL NOTE
General note Prepared by the editors of: Consumer Reports Travel Letter.
588 0# - SOURCE OF DESCRIPTION NOTE
Source of description note 1996 edition; title from title page.
588 1# - SOURCE OF DESCRIPTION NOTE
Source of description note 2001.
650 #0 - SUBJECT ADDED ENTRY--TOPICAL TERM
Topical term or geographic name entry element Travel
Form subdivision Periodicals.
650 #2 - SUBJECT ADDED ENTRY--TOPICAL TERM
Topical term or geographic name entry element Travel
Authority record control number or standard number (DNLM)D014195
650 #6 - SUBJECT ADDED ENTRY--TOPICAL TERM
Topical term or geographic name entry element Voyage.
Authority record control number or standard number (CaQQLa)201-0016125
650 #7 - SUBJECT ADDED ENTRY--TOPICAL TERM
Topical term or geographic name entry element travel.
Source of heading or term aat
Authority record control number or standard number (CStmoGRI)aat300080094
650 #7 - SUBJECT ADDED ENTRY--TOPICAL TERM
Topical term or geographic name entry element Travel.
Source of heading or term fast
Authority record control number or standard number (OCoLC)fst01155558
655 #7 - INDEX TERM--GENRE/FORM
Genre/form data or focus term Periodicals.
Source of term fast
Authority record control number or standard number (OCoLC)fst01411641
710 2# - ADDED ENTRY--CORPORATE NAME
Corporate name or jurisdiction name as entry element Consumer Reports (Firm),
Relator term publisher.
Real World Object URI https://id.oclc.org/worldcat/entity/E39QH7Jmt3KJ7jmhYh34YqHfFg
730 0# - ADDED ENTRY--UNIFORM TITLE
Uniform title Consumer reports travel letter.
776 08 - ADDITIONAL PHYSICAL FORM ENTRY
Relationship information Online version:
Title Best travel deals
Record control number (OCoLC)760165905
780 00 - PRECEDING ENTRY
Title Consumer reports ... travel buying guide
International Standard Serial Number 1060-1511
Record control number (OCoLC)24883449
-- (OCoLC)24883449
785 00 - SUCCEEDING ENTRY
Title Consumer reports travel well for less
International Standard Serial Number 1548-9337
Record control number (OCoLC)48806312
-- (OCoLC)48806312
787 0# - OTHER RELATIONSHIP ENTRY
Title Consumer reports travel letter
International Standard Serial Number 0887-8439
Record control number (OCoLC)13171335
-- (OCoLC)13171335
890 ## -
-- Best travel deals.
-- 97-642213
906 ## - LOCAL DATA ELEMENT F, LDF (RLIN)
a 7
b cbc
c serials
d u
e ncip
f 19
g n-oclcserc
920 ## -
-- Keep 1
991 ## -
-- c-GenColl
-- G149
-- .C65
-- SERIALS
991 ## -
-- c-GenColl
-- G149
-- .C65
-- 00056910037
-- Copy 1
-- 1997
-- CCF
992 ## -
-- B/L
-- SERLOC
Holdings
Withdrawn status Lost status Damaged status Not for loan Home library Current library Shelving location Date acquired Total checkouts Full call number Barcode Date last seen Price effective from Koha item type
        Centerville Centerville General stacks 22/03/2026   910 LOC-CPL-00017 22/03/2026 22/03/2026 Books